=LDR 00000nam 2200000 4500 =001 INLIS000000000020343 =005 20260211090727 =035 ##$$a 0010-061300000020343 =008 260211################g##########0#ind## =041 ##$$a ind =082 ##$$a 302.2 =090 ##$$a 302.2, Nur s =100 ##$$a Nurudin =245 1#$$a Sistem komunikasi Indonesia /$c Nurudin =260 ##$$a Jakarta :$b Raja Grafindo Persada,$c 2005 =300 ##$$a xi, 218 hlm : $b Ilus ; $c 20 x 13 cm. =650 #4$$a Komunikasi =850 ##$$a NBPNMAT =020 ##$$a 979-421-995-9 =084 ##$$a 302.2 NUR s =250 ##$$a Ed.1, Cet. 3 =504 ##$$a Biografi : hlm. 209 - 215 =990 ##$$a 20611528 =990 ##$$a 21004535 =990 ##$$a 20611529 =990 ##$$a 21004532 =990 ##$$a 21004533 =990 ##$$a 20706314/Pb- 07 =990 ##$$a 20706317 =990 ##$$a 08290829 =990 ##$$a 20611530 =990 ##$$a 20611528 =990 ##$$a 21004535 =990 ##$$a 20611529 =990 ##$$a 21004532 =990 ##$$a 21004533 =990 ##$$a 20706314/Pb- 07 =990 ##$$a 20706317